Trump, tariff and BRICS: Comprehending Indo-US relations (Record no. 531537)

000 -LEADER
fixed length control field 01122nam a22001337a 4500
008 - FIXED-LENGTH DATA ELEMENTS--GENERAL INFORMATION
fixed length control field 250912b ||||| |||| 00| 0 eng d
100 ## - MAIN ENTRY--PERSONAL NAME
Personal name Gupta, Alok Kumar and Arpit, Kumar
245 ## - TITLE STATEMENT
Title Trump, tariff and BRICS: Comprehending Indo-US relations
260 ## - PUBLICATION, DISTRIBUTION, ETC. (IMPRINT)
Place of publication, distribution, etc Third concept
300 ## - PHYSICAL DESCRIPTION
Extent 39(463), Sep, 2025: p. 12-15
520 ## - SUMMARY, ETC.
Summary, etc BRICS has emerged as the major cause of irritation for American President Donald Trump during his second stint at oval office. Major contention being that the BRICS members are endeavoring to de dollarization over the last few years. It simply means the group is threatening dollar as currency of international trade and commerce but not clear as to with which currency. Ruble, Rupees or Rimini, or is it that BRICs with it New development bank is trying to create a new facilitator of fiancé fort international trade. Nothing is cellar in this quagmire of Trump standing like a gladiator with swords of enemies and threading the dollar as currency of international ride. Worlds reserve currency and economic exchange. – Reproduce
773 ## - HOST ITEM ENTRY
Main entry heading Third concept
942 ## - ADDED ENTRY ELEMENTS (KOHA)
Item type Articles
Holdings
Withdrawn status Lost status Source of classification or shelving scheme Damaged status Not for loan Permanent location Current location Date acquired Serial Enumeration / chronology Barcode Date last seen Koha item type
          Indian Institute of Public Administration Indian Institute of Public Administration 2025-09-12 39(463), Sep, 2025: p. 12-15 AR137215 2025-09-12 Articles

Powered by Koha